00778nam a22002177a 4500003001100000005001700011008004100028020001800069040003900087041000800126082001700134100001900151245007400170260006100244300006900305650003400374650003900408942000700447952009100454999001500545LK-CoMWRAF20231206103115.0230915b2018 |||||||| |||| 00| 0 eng d a9789555802192 aLK-CoMWRAFdLK-CoMWRAFeLK-CoMWRAF aeng a338.954bBAS aBastian, Sunil aSustaining a state in conflict:bpolitics of foreign aid in Sri Lanka aColombo:bInternational Centre for Ethnic Studies,c2018 axxxiv, 214 p. : ill., colour maps ; 26 cmbBibliography included aECONOMIC ASSISTANCE-Sri Lanka aPolitics and government.-Sri Lanka cBK 00104070aMAINbMAINd2023-09-15l0o338.954 BASpRAF651r2023-09-15w2023-09-15yBK c3569d3569